| 000 | 01880cam a2200409 a 4500 | ||
|---|---|---|---|
| 999 |
_c64101 _d64101 |
||
| 001 | 1999424 | ||
| 003 | CO-MdFUSB | ||
| 005 | 20180622170023.0 | ||
| 008 | 900911t1991 enkao hg b 001 0 eng | ||
| 010 | _a 90048909 | ||
| 020 | _a0521239613 (hbk.) | ||
| 020 | _a0521283744 (pbk.) | ||
| 040 |
_aDLC _cCO-MdFUSB _dCO-MdFUSB _bspa _erda |
||
| 041 | _aeng | ||
| 082 | 0 | 0 |
_224 _aG 261.55 _bB872s |
| 100 | 1 |
_aBrooke, John Hedley. _eautor |
|
| 242 | 1 | 0 |
_aCiencia y religión _b: algunas perspectivas historicas |
| 245 | 1 | 0 |
_aScience and religion _b: some historical perspectives _c/ John Hedley Brooke |
| 264 | 1 |
_aCambridge ; _bCambridge University Press, _c℗1991 |
|
| 264 | 4 | _c©1991 | |
| 300 |
_ax, 422 páginas : _bilustraciones ; _c22 cm. |
||
| 336 |
_2rdacontent _atexto _btxt |
||
| 337 |
_2rdamedia _asin mediación _bn |
||
| 338 |
_2rdacarrier _avolumen _bnc |
||
| 490 | _aCambridge History of Science | ||
| 501 | _aIncluye índice (p. 405- 422) | ||
| 504 | _aBibligrafía (p. 348- 403) | ||
| 505 | _aInteracción entre ciencia y religión: algunas consideraciones preliminares -- Ciencia y religión en la revolución científica -- El paralelo entre la reforma científica y religiosa -- Actividad divina en un universo mecánico -- Ciencia y religión en la ilustración -- Las fortunas y funciones de teología natural -- Visiones del pasado: creencia religiosa y ciencias históricas -- Teoría evolutiva y postdata de la creencia religiosa: escenografía y religión en el siglo XX | ||
| 563 | _aTapa rústica | ||
| 650 | 7 |
_aReligión y ciencia _9259 |
|
| 650 | 7 |
_aReligión y ciencia _xHistoria _9387 |
|
| 906 |
_a7 _bcbc _corignew _d1 _eocip _f19 _gy-gencatlg |
||
| 942 | _cBK | ||